| 000 | 00413nam a2200133Ia 4500 | ||
|---|---|---|---|
| 008 | 191014s9999 xx 000 0 und d | ||
| 020 | _a978-1-4822-50350 | ||
| 082 |
_a621.00151 _bAYY |
||
| 100 |
_aBilal M. Ayyub Richard H. Mc Cuen _920465 |
||
| 245 | 0 | _aNumerical Analysis for Engineers: Methods and Applications 2/E | |
| 260 |
_aUSA _bCRC Press Taylor & Fracis Group _c2016 |
||
| 300 | _aXIX,431 | ||
| 942 | _cBK | ||
| 999 |
_c531051 _d531051 |
||